Ջո Բայդեն : (Record no. 530991)
[ view plain ]
| 000 -LEADER | |
|---|---|
| fixed length control field | 00952nam a22002657a 4500 |
| 003 - CONTROL NUMBER IDENTIFIER | |
| control field | AM-YEHGA |
| 005 - DATE AND TIME OF LATEST TRANSACTION | |
| control field | 20250618080148.0 |
| 008 - FIXED-LENGTH DATA ELEMENTS--GENERAL INFORMATION | |
| fixed length control field | 220622s2021 ai ||||| |||| 00| 0 arm d |
| 020 ## - INTERNATIONAL STANDARD BOOK NUMBER | |
| International Standard Book Number | 9789939884349 |
| 040 ## - CATALOGING SOURCE | |
| Original cataloging agency | AM-YeHGA |
| 041 1# - LANGUAGE CODE | |
| Language code of text/sound track or separate title | arm |
| Language code of original | eng |
| 001 - CONTROL NUMBER | |
| control field | 1840154 |
| 090 ## - LOCALLY ASSIGNED LC-TYPE CALL NUMBER (OCLC); LOCAL CALL NUMBER (RLIN) | |
| -- | 569745 |
| 100 1# - MAIN ENTRY--PERSONAL NAME | |
| Personal name | Օզնոս, Էվան |
| 245 10 - TITLE STATEMENT | |
| Title | Ջո Բայդեն : |
| Remainder of title | Կյանքը, կարիերան և ամենակարևորը / |
| Statement of responsibility, etc. | Օ. Էվան ; Թարգմ. անգլ.՝ Դավիթ Սարգսյան |
| 246 15 - VARYING FORM OF TITLE | |
| Title proper/short title | Joe Biden : |
| Remainder of title | The Life, the Run, and What Matters Now |
| 260 ## - PUBLICATION, DISTRIBUTION, ETC. | |
| Place of publication, distribution, etc. | Երևան : |
| Name of publisher, distributor, etc. | Newmag, |
| Date of publication, distribution, etc. | 2021 |
| 300 ## - PHYSICAL DESCRIPTION | |
| Extent | 216 էջ |
| 500 ## - GENERAL NOTE | |
| General note | Տարվա լավագույն գիրք |
| 600 14 - SUBJECT ADDED ENTRY--PERSONAL NAME | |
| Personal name | Բայդեն, Ջո Ռոբինեթ |
| Dates associated with a name | 1942- |
| 650 14 - SUBJECT ADDED ENTRY--TOPICAL TERM | |
| Topical term or geographic name entry element | Ամերիկյան քաղաքականություն |
| 650 14 - SUBJECT ADDED ENTRY--TOPICAL TERM | |
| Topical term or geographic name entry element | Քաղաքական գործիչներ |
| 700 1# - ADDED ENTRY--PERSONAL NAME | |
| Personal name | Սարգսյան, Դավիթ |
| Relator term | թարգմ. |
| Relationship | trl |
| 9 (RLIN) | 3377 |
| 942 ## - ADDED ENTRY ELEMENTS (KOHA) | |
| Source of classification or shelving scheme | Universal Decimal Classification |
| Koha item type | Գրքեր / Books |
| Withdrawn status | Lost status | Source of classification or shelving scheme | Damaged status | Not for loan | Collection | Home library | Current library | Date acquired | Total checkouts | Full call number | Barcode | Date last seen | Price effective from | Koha item type | Public note |
|---|---|---|---|---|---|---|---|---|---|---|---|---|---|---|---|
| Universal Decimal Classification | General | Fundamental Scientific Library | Fundamental Scientific Library | 22/06/2022 | AII/108699 | FL0671027 | 22/06/2022 | 22/06/2022 | Գրքեր / Books | 30 Days Loan |
ՀՀ Գիտությունների ազգային ակադեմիայի հիմնարար գիտական գրադարան = Fundamental Scientific Library of NAS RA
All site content, except where otherwise noted, is licensed under a